The book of not knowing : The True of Self, Mind and Conciousness (Record no. 22767)

MARC details
000 -LEADER
fixed length control field 00437cam a22001574a 4500
020 ## - INTERNATIONAL STANDARD BOOK NUMBER
ISBN 9781556438578
082 00 - DEWEY DECIMAL CLASSIFICATION NUMBER
Classification number 126
Author Cutter RAL
100 1# - MAIN ENTRY--AUTHOR NAME
Author name Ralston, Peter,
245 14 - TITLE STATEMENT
Title The book of not knowing : The True of Self, Mind and Conciousness
260 ## - PUBLICATION, DISTRIBUTION, ETC. (IMPRINT)
Place of publication [Berkeley, Calif. :
Name of publisher North Atlantic Books,
Year of publication 2010]
300 ## - PHYSICAL DESCRIPTION
Number of Pages xi, 581 p. ;
650 #0 - SUBJECT ADDED ENTRY--TOPICAL TERM
Topical Term Consciousness.
650 #0 - SUBJECT ADDED ENTRY--TOPICAL TERM
Topical Term Self-consciousness (Awareness)
942 ## - ADDED ENTRY ELEMENTS (KOHA)
Koha item type Reference
Holdings
Home library Current library Shelving location Date acquired Full call number Accession Number Koha item type
Henry Martyn Institute Library Henry Martyn Institute Library Reference 10/21/2019 126 RAL 25650 Reference
                   Copyright © 2026 | Henry Martyn Institute | Hyderabad | TS-500052 | INDIA | Implemented by hmi.edu.in
Hit-Count:

Powered by Koha